Reflexiones sobre imperialismo norteamericano y capitalismo en México
Guardat en:
| Autor principal: | |
|---|---|
| Format: | Text |
| Publicat: |
México, D.F.:
UNAM. Facultad de Ciencias Políticas y Sociales
|
| Etiquetes: |
Afegir etiqueta
Sense etiquetes, Sigues el primer a etiquetar aquest registre!
|
MARC
| LEADER | 00000 a a2200000 04500 | ||
|---|---|---|---|
| 001 | 18864 | ||
| 003 | |||
| 040 | |||
| 090 | |a 015000 | ||
| 100 | |a Hernández, Salvador | ||
| 245 | |a Reflexiones sobre imperialismo norteamericano y capitalismo en México | ||
| 260 | |a México, D.F.: |b UNAM. Facultad de Ciencias Políticas y Sociales | ||
| 300 | |a 100 p. | ||
| 999 | |c 7819 |d 7819 | ||
